Statistics for Word Ladder 3 - General

Click here to take the quiz!

General Stats

  • This quiz has been taken 22 times
    (16 since last reset)
  • The average score is 31 of 41

Answer Stats

HintAnswer% Correct
A person who jigs (6 letters)Jigger
91%
Result of the previous word and a lionLiger
91%
FrightenScare
91%
Big cat (remove 1)Tiger
91%
Winnie the PoohTigger
91%
Be concerned (remove 1)Care
82%
A criminal (remove 1)Con
82%
Ice creamCone
82%
RunningJog
82%
A type of containerJug
82%
A person who lies down (remove 1)Lier
82%
In something for the rest of your lifeLifer
82%
Carry something (remove 1)Lug
82%
Don't have enough and need ____More
82%
Fill a hole (add 1)Plug
82%
A dog breedPug
82%
Pointed endTip
82%
2000 poundsTon
82%
Distinct sound (add 1)Tone
82%
Summit, or __ of the mountainTop
82%
Leave uncoveredBare
73%
Make a holeBore
73%
Money (add 1)Coin
73%
Become a part of somethingJoin
73%
A boy's name (remove 1)Jon
73%
The internet can be so slowLag
73%
A mineral (remove 1)Ore
73%
Residue of smelting metallic ore (add 1)Slag
73%
Chocolate, marshmallow (add 1)Smore
73%
Feeling in legs after a run (remove 1)Sore
73%
Adult male deerStag
73%
Presentaion area (add 1)Stage
73%
Keep lookingStare
73%
Formal wear (remove 1)Tie
73%
A levelTier
73%
Wal-____Mart
64%
A piece of something biggerPart
64%
Ship docks (4 letters)Port
64%
"Make your ____ here"Mark
55%
Cloud of objects 50,000 to 200,000 AU from the sunO{ort}
55%
MeatPork
36%

Score Distribution

Percentile by Number Answered

Percent of People with Each Score

Your Score History

You have not taken this quiz since the last reset